Premier League Players by Number - 1 - Statistics

General Stats
  • This quiz has been taken 30 times
  • The average score is 13 of 19
Answer Stats
Position Club Nation Player % Correct
GK Liverpool Brazil Alisson
96%
GK Arsenal Germany Bernd Leno
96%
GK Tottenham Hotspur France Hugo Lloris
96%
GK Everton England Jordan Pickford
96%
GK Manchester United Spain David De Gea
92%
GK Burnley England Nick Pope
88%
GK Leicester City Denmark Kasper Schmeichel
83%
GK Aston Villa Argentina Emiliano Martinez
79%
GK Chelsea Spain Kepa Arrizabalaga
79%
GK West Ham United Poland Lukasz Fabianski
79%
GK Norwich City Netherlands Tim Krul
71%
GK Newcastle United Slovakia Martin Dubravka
67%
GK Watford England Ben Foster
50%
GK Wolves Portugal Jose Sa
50%
GK Leeds United France Illan Meslier
46%
GK Brighton & Hove Albion Spain Robert Sanchez
42%
GK Southampton England Alex McCarthy
38%
GK Brentford Spain David Raya
29%
GK Crystal Palace England Jack Butland
25%
No matching quizzes found
Score Distribution
Percent of People with Each Score
Percentile by Number Answered
Your Score History
You have not taken this quiz